000 01079cam a2200289 a 4500
999 _c25003
_d25003
001 4431209
003 OSt
005 20210528141536.0
008 940112s1994 nyu b 001 0 eng
010 _a 94001063
020 _a0812963563 (pbk.) :
_c$14.00 ($18.95 Can.)
040 _aMMU
_cMMU
_dMMU
_beng
043 _an-us---
050 0 0 _aPN4867
_b.K86 1994
082 0 0 _a071/.3
_220
100 1 _aKurtz, Howard,
_d1953-
245 1 0 _aMedia circus :
_bthe trouble with America's newspapers /
_cHoward Kurtz.
250 _a1st paperback ed.
260 _aNew York :
_bTimes Books,
_cc1994.
300 _a434 p. ;
_c21 cm.
500 _aIncludes bibliographical references (p. 391-411) and index.
650 0 _aJournalism
_zUnited States
_xHistory
_y20th century.
650 0 _aJournalistic ethics
_zUnited States
_xHistory
_y20th century.
856 4 2 _3Contributor biographical information
_uhttp://www.loc.gov/catdir/bios/random057/94001063.html
856 4 2 _3Publisher description
_uhttp://www.loc.gov/catdir/description/random046/94001063.html
942 _2lcc
_cLOAN LOAN